Fr. Conceicao Rodrigues College of Engineering

Logic circuits and digital design wiith experiements (Record no. 22983)

MARC details
000 -LEADER
fixed length control field 00303nam a2200133Ia 4500
082 ## - DEWEY DECIMAL CLASSIFICATION NUMBER
Classification number 621.29
Item number NAN
100 ## - MAIN ENTRY--PERSONAL NAME
Personal name Nandini K Jog
245 ## - TITLE STATEMENT
Title Logic circuits and digital design wiith experiements
260 ## - PUBLICATION, DISTRIBUTION, ETC.
Name of publisher, distributor, etc. Suneeti Jog
Date of publication, distribution, etc. 2003
300 ## - PHYSICAL DESCRIPTION
Extent 445
546 ## - LANGUAGE NOTE
Language note ENGLISH
654 ## - SUBJECT ADDED ENTRY--FACETED TOPICAL TERMS
Focus term logic
942 ## - ADDED ENTRY ELEMENTS (KOHA)
Koha item type BOOK
Holdings
Withdrawn status Lost status Damaged status Not for loan Collection Home library Current library Date acquired Total Checkouts Full call number Barcode Date last seen Price effective from Koha item type
        CRC Fr. Agnel's C.Rodrigues College of Engineering Fr. Agnel's C.Rodrigues College of Engineering 17/03/2023   621.29 NAN 13204 17/03/2023 17/03/2023 BOOK